| 000 | 00957nam a22002657a 4500 | ||
|---|---|---|---|
| 003 | OSt | ||
| 005 | 20210224123920.0 | ||
| 008 | 210224s2009 ck a|||br|||| 00| j spa d | ||
| 020 | _a9789583033018 | ||
| 040 |
_aCO-JMCR _cCO-JMCR |
||
| 041 | 1 |
_aspa _heng |
|
| 082 | 0 | 4 |
_aC / _bPATp1 _223 |
| 245 | 0 | 3 |
_aEl patito feo / _ctraducción del inglés, Clorinda Zea |
| 250 | _aPrimera edición | ||
| 260 |
_aBogotá : _bPanamericana, _c2009 |
||
| 300 |
_a18 páginas : _bilustraciones a color ; _c20 cm. |
||
| 500 | _aTítulo original: The Ugly Duckling | ||
| 520 | 3 | _aLos cuentos clásicos de ayer, hoy y siempre están aquí con toda su magia y encanto, acompañados de coloridas y divertidas ilustraciones. | |
| 546 | _aTraducido del inglés. | ||
| 650 | 1 | 4 |
_aCuentos infantiles _913879 |
| 650 | 2 | 4 |
_aanimales _xcuentos infantiles _913876 |
| 650 | 2 | 4 |
_apatos _xcuentos infantiles _913877 |
| 700 | 1 |
_aZea, Clorinda, _etraductora _913878 |
|
| 942 |
_2ddc _cBK |
||
| 999 |
_c7316 _d7316 |
||